000 01013nam a2200241 i 4500
001 190729
003 ES-MaACL
005 20240410103541.0
008 220523s1976 sp 000 0 spa
080 _a159.947(043.2)
100 1 _aArnau Gras, Jaume.
_923058
245 1 0 _aMotivación y conducta :
_b(revisión y bases para una conceptualización científica de la motivación) /
_cpor Jaime Arnau Gras.
260 _aBarcelona :
_b[Universidad, Facultad de Filosofía y Letras],
_c1976 (
_fVernet)
300 _a13 p. ;
_c24 cm.
502 _aTesis-Univ. Barcelona (Extracto)
594 _aPrecede al tít.: Universidad de Barcelona. Secretariado de Publicaciones, Intercambio Científico y Extensión Universitaria
650 4 _aMotivación.
_915202
655 _aTesis y escritos académicos
_9226867
710 2 _aUniversidad de Barcelona.
_bFacultad de Filosofía y Letras.
_97149
852 4 _aES-MaACL
_jP-1415 (43)
_9197911
_bR.68610
_cDEPO2
942 _2udc
999 _c190729
_d190729